Zadymiarze z Brawl Stars na literę B - Statystyki

Ogólne statystyki
  • Ten quiz został rozwiązany 45 razy
  • Średni wynik to 8 z 13
Statystyki odpowiedzi
Hint Odpowiedź % Poprawnych
Rzadki Barley
83%
Rzadki Brock
83%
Mityczny Buzz
83%
Epicki Bibi
80%
Epicki Bo
77%
Czasowy Buzz Astral
77%
Rzadki Bull
74%
Epicki Bea
63%
Epicki Belle
60%
Mityczny Byron
49%
Epicki Bonnie
43%
Epicki Berry
40%
Mityczny Buster
31%
Nie znaleziono quizów pasujących do podanych kryteriów
Rozkład punktacji
Procent ludzi z każdym wynikiem
Percentyl według liczby udzielonych odpowiedzi
Twoja historia wyników
Nie rozwiązałeś tego quizu